Theorie der wirtschaftlichen Entwicklung nachdruck der 1. auflage von 1912
Guardado en:
| Autor principal: | |
|---|---|
| Formato: | Libro |
| Lenguaje: | alemán |
| Publicado: |
Berlin
Duncker & Humblot
2006
|
| Materias: | |
| Etiquetas: |
Sin Etiquetas, Sea el primero en etiquetar este registro!
|
MARC
| LEADER | 00000nam a2200000 4500 | ||
|---|---|---|---|
| 001 | 0121572 | ||
| 005 | 20240314090455.0 | ||
| 020 | |a 3-428-11746-8 | ||
| 041 | 0 | |a ger | |
| 044 | |a DE | ||
| 245 | 1 | 0 | |a Theorie der wirtschaftlichen Entwicklung |b nachdruck der 1. auflage von 1912 |c Joseph Schumpeter |
| 264 | 1 | |a Berlin |b Duncker & Humblot |c 2006 | |
| 300 | |a LII, 548 s. | ||
| 610 | 2 | 0 | |a rozvoj hospodársky |
| 610 | 2 | 0 | |a rast hospodársky |
| 610 | 2 | 0 | |a kolobeh hospodársky |
| 610 | 2 | 0 | |a úver |
| 610 | 2 | 0 | |a kapitál |
| 610 | 2 | 0 | |a podnikanie |
| 610 | 2 | 0 | |a úrok |
| 100 | 1 | |a Schumpeter, Joseph A. | |